Investičné kluby

Saved in:
Bibliographic Details
Main Author: Trúchly, Peter
Other Authors: Rendek, Peter
Format: Book Chapter
Language:Slovak
Subjects:
Tags: Add Tag
No Tags, Be the first to tag this record!

MARC

LEADER 00000naa$a2200000$$$4500
001 0051118
005 20240502071608.6
041 0 |a slo 
044 |a SK 
245 1 0 |a Investičné kluby  |c Peter Trúchly, Peter Rendek 
610 2 0 |a investície 
610 2 0 |a investovanie 
610 2 0 |a investori 
610 2 0 |a riziko finančné 
610 2 0 |a vzdelávanie 
610 2 0 |a asociácie 
100 1 |a Trúchly, Peter 
700 1 |a Rendek, Peter